=LDR 00000nam 2200000 4500 =001 INLIS000000000005643 =005 20130612093852 =008 ***********************************Ind** =035 ##$$0010-061300000005643 =041 ##$$a Ind =260 ##$$a 199 $b Denpasar